| 000 | 00816nam a2200217 a 4500 | ||
|---|---|---|---|
| 001 | BRCA_3761 | ||
| 005 | 20190320204420.0 | ||
| 008 | 061009s1976----mx-a---###---#000-0#spa-# | ||
| 041 | _aspa | ||
| 044 | _amx | ||
| 050 | 4 |
_aD23 _b.C63 1976 |
|
| 245 | 1 | 0 | _aCódice del tiempo. |
| 260 |
_aMéxico _bPartido Revolucionario Institucional : Comité Ejecutivo Nacional : Secretaría de Prensa y Propaganda _c1976 |
||
| 300 |
_a113 p. _bil. _c54 cm. |
||
| 500 | _aEdición conmemorativa de la campaña electoral de José López Portillo, candidatos a la Presidencia de la República 1976-1982 (Ciudad de México), junio 1976 | ||
| 500 | _aPor su formato NO se presta a domicilio | ||
| 504 | _aBibliografía: p. [116] | ||
| 650 | 1 | 4 |
_aHistoria universal _99807 |
| 650 | 1 | 4 |
_aCivilización _xHistoria _99808 |
| 942 |
_2lcc _cB |
||
| 999 |
_c3490 _d3490 |
||